000
00284nam a22001337a 4500
008
170323b xxu||||| |||| 00| 0 eng d
020
_a
0895773414
041
_a
eng
080
_a
616.9
100
_a
8
101
_a
SHM
245
_a
DIAGNOSINC DISEASE
_c
GLAYMAN.CH
942
_2
udc
_c
BK
999
_c
8448
_d
8448